| 000 | 00380cam a22001217a 4500 | ||
|---|---|---|---|
| 008 | 180718b1972 xxu||||| |||| 00| 0 eng d | ||
| 082 | _aG5x5442 M278/1972 | ||
| 245 |
_aMaharashtra legislature manual _cby Legislature Secretariat, Maharashtra |
||
| 250 | _a6th | ||
| 260 |
_aBombay _bLegislature Secretariat _c1972 |
||
| 300 | _a309+p | ||
| 700 | _aMaharashtra. Legislature Secretariat | ||
| 999 |
_c491051 _d491051 |
||